000 00800cab a2200277 4500
001 WB3331-14
008 090401t1997 xxu||||| |||| 00| 0 eng d
035 _a(Sirsi) u80068
041 _aeng
245 _aDeaths caused by toxic waste
250 _a0
260 _c1997
350 _a0
490 _aIndependent on Sunday
_v3 August 1997, 9(1)
520 _aA former landfill site of dumped toxic chemicals, which is now a housing estate, is thought to be the cause of a cancer cluster.
650 _aCONTAMINATED LAND
650 _aHEALTH HAZARDS
650 _aHOUSING ESTATE
650 _aLANDFILL SITES
650 _aMORTALITY RATES
650 _aTOXIC WASTE
650 _aWOLVERHAMPTON
690 _aENVIRONMENTAL AND LAND CONSULTANCY
942 _n0
948 _c04/08/1997
999 _c50403
_d50403